000 00605nam a2200217Ii 4500
003 JO-AjNU
008 230606s9999||||xx |||||||||||||| ||und||
017 _a873/8/1995
040 _aJO-AjNU
_beng
_erda
_cJO-AjNU
041 _aeng
050 1 4 _aPE1111 1996
100 3 _aAli Alkhuli,Muhammad تأليف,
_eauthor
_92724
245 0 0 _aImprove Your English
250 _a1 ed
264 3 1 _aAmman:Alfalah-House,1996
300 _a150p
336 _atext
_btxt
_2rdacontent
337 _aunmediated
_bn
_2rdamedia
338 _avolume
_bnc
_2rdacarrier
650 4 _aImprove Your English-English
_92725
999 _aE1426
_c1426
_d1426